Engineering mechanics : Statics & dynamics (Record no. 71603)
[ view plain ]
| 000 -LEADER | |
|---|---|
| fixed length control field | 00770pam a2200229 a 4500 |
| 001 - CONTROL NUMBER | |
| control field | 2127402 |
| 003 - CONTROL NUMBER IDENTIFIER | |
| control field | NUST - PNEC |
| 005 - DATE AND TIME OF LATEST TRANSACTION | |
| control field | 20170116181205.0 |
| 008 - FIXED-LENGTH DATA ELEMENTS--GENERAL INFORMATION | |
| fixed length control field | 971107s1998 njua 001 0 eng |
| 010 ## - LIBRARY OF CONGRESS CONTROL NUMBER | |
| LC control number | 97047089 |
| 020 ## - INTERNATIONAL STANDARD BOOK NUMBER | |
| International Standard Book Number | 0135770408 |
| 040 ## - CATALOGING SOURCE | |
| Transcribing agency | LIBRARY |
| 082 ## - DEWEY DECIMAL CLASSIFICATION NUMBER | |
| Classification number | 620.1 HIB |
| 100 1# - MAIN ENTRY--PERSONAL NAME | |
| Personal name | Hibbeler, R. C. |
| 245 10 - TITLE STATEMENT | |
| Title | Engineering mechanics : Statics & dynamics |
| Statement of responsibility, etc. | R.C. Hibbeler. |
| 250 ## - EDITION STATEMENT | |
| Edition statement | 8th ed. |
| 260 ## - PUBLICATION, DISTRIBUTION, ETC. | |
| Place of publication, distribution, etc. | Upper Saddle River, N.J. : |
| Name of publisher, distributor, etc. | Prentice-Hall, |
| Date of publication, distribution, etc. | c1998. |
| 300 ## - PHYSICAL DESCRIPTION | |
| Extent | xvi, 672 p. : |
| Other physical details | col. ill. ; |
| Dimensions | 25 cm. |
| 650 #0 - SUBJECT ADDED ENTRY--TOPICAL TERM | |
| Topical term or geographic name entry element | Mechanics, Applied. |
| General subdivision | ME |
| 856 ## - ELECTRONIC LOCATION AND ACCESS | |
| Uniform Resource Identifier | <a href="http://www.amazon.com/Engineering-Mechanics-Combined-Statics-Dynamics/dp/0135770408/ref=sr_1_1?s=books&ie=UTF8&qid=1456977616&sr=1-1&keywords=0135770408">http://www.amazon.com/Engineering-Mechanics-Combined-Statics-Dynamics/dp/0135770408/ref=sr_1_1?s=books&ie=UTF8&qid=1456977616&sr=1-1&keywords=0135770408</a> |
| 942 ## - ADDED ENTRY ELEMENTS (KOHA) | |
| Source of classification or shelving scheme | |
| Koha item type | Book |
| Withdrawn status | Lost status | Source of classification or shelving scheme | Damaged status | Not for loan | Permanent Location | Current Location | Shelving location | Date acquired | Source of acquisition | Cost, normal purchase price | Total Checkouts | Full call number | Barcode | Date last seen | Cost, replacement price | Price effective from | Koha item type |
|---|---|---|---|---|---|---|---|---|---|---|---|---|---|---|---|---|---|
| Pakistan Navy Engineering College (PNEC) | Pakistan Navy Engineering College (PNEC) | Donated | 0.00 | 620.1 HIB | PNECLIB-032753 | 03/03/2016 | 0.00 | Book |
